Statistics for G20 Summit Meetings - Locations

Click here to take the quiz!

General Stats

  • This quiz has been taken 35 times
    (18 since last reset)
  • The average score is 11 of 16

Answer Stats

YearHostLocation% Correct
2009United KingdomLondon
100%
2014AustraliaBrisbane
82%
2018ArgentinaBuenos Aires
82%
(2020)Saudi ArabiaRiyadh
82%
2013RussiaSaint Petersburg
82%
2010South KoreaSeoul
82%
2019JapanOsaka
76%
2010CanadaToronto
76%
2008United StatesWashington
76%
(2022)IndiaNew Delhi
71%
2015TurkeySerik
71%
2017GermanyHamburg
65%
2016ChinaHangzhou
59%
2011FranceCannes
41%
2009United StatesPittsburgh
41%
2012MexicoLos Cabos
29%

Score Distribution

Percentile by Number Answered

Percent of People with Each Score

Your Score History

You have not taken this quiz since the last reset